All Cities and Towns In Colorado - Statistics

General Stats
  • This quiz has been taken 9 times
    8 since last reset
  • The average score is 52 of 407
Answer Stats
Hint Answer % Correct
as Aspen
100%
au Aurora
100%
bo Boulder
100%
co Colorado Springs
100%
de Denver
100%
fo Fort Collins
100%
gr Grand Junction
80%
pu Pueblo
80%
al Alamosa
60%
br Breckenridge
60%
du Durango
60%
fo Fountain
60%
gr Greeley
60%
pa Pagosa Springs
60%
sa Salida
60%
sn Snowmass Village
60%
tr Trinidad
60%
va Vail
60%
ar Arvada
40%
ba Basalt
40%
br Broomfield
40%
bu Buena Vista
40%
co Cortez
40%
ea Eagle
40%
fo Fort Carson
40%
gl Glenwood Springs
40%
go Golden
40%
gu Gunnison
40%
ha Hartsel
40%
ho Holly
40%
ho Holyoke
40%
je Jefferson
40%
ki Kit Carson
40%
la La Junta
40%
la Lakewood
40%
le Leadville
40%
li Limon
40%
lo Longmont
40%
lo Loveland
40%
ma Manitou Springs
40%
mo Montrose
40%
mo Monument
40%
ol Olathe
40%
sp Springfield
40%
st Steamboat Springs
40%
st Sterling
40%
te Telluride
40%
wo Woodland Park
40%
al Allenspark
20%
al Alma
20%
an Antonito
20%
ar Arapahoe
20%
as Aspen Park
20%
au Ault
20%
av Avon
20%
ba Bailey
20%
be Bennett
20%
be Berthoud
20%
bl Black Forest
20%
br Brighton
20%
br Brush
20%
bu Burlington
20%
ca Cañon City
20%
ca Castle Pines
20%
ca Castle Rock
20%
ce Centennial
20%
co Colorado City
20%
co Commerce City
20%
co Conifer
20%
co Cotopaxi
20%
cr Craig
20%
cr Crested Butte
20%
de De Beque
20%
de Deckers
20%
de Del Norte
20%
di Dillon
20%
di Dinosaur
20%
do Dolores
20%
ea Eads
20%
ed Edgewater
20%
el Elbert
20%
em Empire
20%
er Erie
20%
es Estes Park
20%
ev Evans
20%
ev Evergreen
20%
fa Fairplay
20%
fe Federal Heights
20%
fi Firestone
20%
fl Flagler
20%
fl Florissant
20%
fo Fort Garland
20%
fo Fort Lupton
20%
fo Fort Morgan
20%
fo Fowler
20%
fr Franktown
20%
fr Fraser
20%
fr Frisco
20%
fr Fruita
20%
ge Genesee
20%
ge Georgetown
20%
gl Glendale
20%
gr Granada
20%
gr Granby
20%
gr Grand Lake
20%
gr Granite
20%
gr Grant
20%
gr Greenwood Village
20%
gy Gypsum
20%
ha Haxtun
20%
ha Hayden
20%
he Henderson
20%
hi Highlands Ranch
20%
ho Hotchkiss
20%
hu Hudson
20%
hu Hugo
20%
id Idaho Springs
20%
id Idalia
20%
jo Johnson Village
20%
jo Johnstown
20%
ju Julesburg
20%
ki Kim
20%
ki Kiowa
20%
ki Kittredge
20%
kr Kremmling
20%
la Lafayette
20%
la Lake George
20%
la Lamar
20%
la Larkspur
20%
la Las Animas
20%
li Littleton
20%
lo Lochbuie
20%
lo Lone Tree
20%
lo Louisville
20%
ly Lyons
20%
ma Mack
20%
ma Mancos
20%
me Mead
20%
me Meeker
20%
me Mesa
20%
mo Monte Vista
20%
mo Morrison
20%
na Nathrop
20%
no Northglenn
20%
or Orchard
20%
or Ordway
20%
ou Ouray
20%
pa Palisade
20%
pa Paonia
20%
pa Parachute
20%
pa Parker
20%
pi Pine
20%
pi Pine Junction
20%
pu Pueblo West
20%
ra Rangely
20%
re Red Feather Lakes
20%
ri Rifle
20%
ro Rocky Ford
20%
se Sedgwick
20%
se Seibert
20%
si Silt
20%
si Silver Plume
20%
si Silverthorne
20%
st Starkville
20%
su Superior
20%
th Thornton
20%
vi Victor
20%
wa Walden
20%
wa Walsenburg
20%
wa Ward
20%
wa Watkins
20%
we Wellington
20%
we Westminster
20%
wh Wheat Ridge
20%
wi Windsor
20%
wi Winter Park
20%
wr Wray
20%
yu Yuma
20%
ag Aguilar
0%
al Almont
0%
am Ames
0%
ar Arboles
0%
au Austin
0%
av Avondale
0%
ba Bayfield
0%
be Beaver Creek
0%
be Bedrock
0%
be Bellvue
0%
be Bethune
0%
be Beulah Valley
0%
bl Black Hawk
0%
bl Blanca
0%
bo Bond
0%
bo Boone
0%
bo Bountiful
0%
br Branson
0%
br Briggsdale
0%
bu Buffalo Creek
0%
bu Buford
0%
by Byers
0%
ca Cahone
0%
ca Calhan
0%
ca Campo
0%
ca Capulin
0%
ca Carbondale
0%
ca Cascade
0%
ca Cathedral
0%
ce Cedaredge
0%
ce Center
0%
ce Central City
0%
ch Chama
0%
ch Cheyenne Wells
0%
ch Chipita Park
0%
ci Cimarron
0%
cl Clark
0%
cl Clifton
0%
cl Climax
0%
co Coal Creek
0%
co Coaldale
0%
co Coalmont
0%
co Cokedale
0%
co Collbran
0%
co Como
0%
co Conejos
0%
co Copper Mountain
0%
co Cowdrey
0%
cr Crawford
0%
cr Creede
0%
cr Crestone
0%
cr Cripple Creek
0%
cr Crowley
0%
cr Crystola
0%
cu Cuchara
0%
da Dacono
0%
de Deer Trail
0%
de Delhi
0%
de Delta
0%
di Divide
0%
do Dotsero
0%
do Dove Creek
0%
do Downieville
0%
du Dumont
0%
ea Eagle-Vail
0%
ea Eaton
0%
ec Eckley
0%
ed Edwards
0%
eg Egnar
0%
el Eldorado Springs
0%
el Elizabeth
0%
el El Jebel
0%
fl Florence
0%
fo Foxton
0%
fr Frederick
0%
ga Garden City
0%
ga Gateway
0%
ge Genoa
0%
gi Gilcrest
0%
gl Glade Park
0%
gl Glendevey
0%
go Goodrich
0%
go Gould
0%
gr Green Mountain Falls
0%
gr Grover
0%
gu Guffey
0%
ha Hahns Peak
0%
ha Hasty
0%
he Henson
0%
he Hermosa
0%
he Hesperus
0%
hi Hillrose
0%
hi Hillside
0%
ho Hoehne
0%
ho Hooper
0%
ho Hot Sulphur Springs
0%
ho Howard
0%
ho Hoyt
0%
id Idledale
0%
ig Ignacio
0%
ja Jamestown
0%
ka Karval
0%
ke Keenesburg
0%
ke Kersey
0%
ke Keystone
0%
la La Garita
0%
la La Jara
0%
la ​Lake City
0%
la Laporte
0%
la LaSalle
0%
la Last Chance
0%
la La Veta
0%
la Lawson
0%
la Lay
0%
li Livermore
0%
lo Log Lane Village
0%
lu Ludlow
0%
ma Manassa
0%
ma Manzanola
0%
ma Marble
0%
mc McCoy
0%
me Merino
0%
mi Milliken
0%
mi Milner
0%
mi Minturn
0%
mo Model
0%
mo Moffat
0%
mo Monarch
0%
mo Monument Park
0%
mo Mosca
0%
mo Mountain Village
0%
na Naturita
0%
ne Nederland​
0%
ne Needleton
0%
ne New Castle
0%
no Norwood
0%
nu Nucla
0%
nu Nunn
0%
oa Oak Creek
0%
ol Old Colorado City
0%
ol Olney Springs
0%
op Ophir
0%
or Orchard City
0%
ov Ovid
0%
pa Palmer Lake
0%
pa Paradox
0%
pa Parlin
0%
pa Parshall
0%
pe Penrose
0%
pi Piedra
0%
pi Pierce
0%
pi Pinecliffe
0%
pi Pitkin
0%
pl Placerville
0%
pl Platoro
0%
pl Platteville
0%
pl Pleasant View
0%
po Poncha Springs
0%
pu Punkin Center
0%
ra Radium
0%
ra Ramah
0%
ra Rand
0%
ra Raymer
0%
re Red Cliff
0%
re Redstone
0%
re Redvale
0%
ri Rico
0%
ri Ridgway
0%
ro Rollinsville
0%
ro Romeo
0%
ro Roxborough Park
0%
ru Rustic
0%
ry Rye
0%
sa Saguache
0%
sa Saint Mary’s
0%
sa Salt Creek
0%
sa Sanford
0%
sa San Luis
0%
sa Sapinero
0%
sa Sargents
0%
sa Sawpit
0%
se Security-Widefield
0%
se Sedalia
0%
se Segundo
0%
se Severance
0%
si Silver Cliff
0%
si Silverton
0%
si Simla
0%
sn Snyder
0%
so South Fork
0%
so South Park
0%
st Stonewall
0%
st Strasburg
0%
st Stratmoor
0%
st Stratton
0%
su Sugar City
0%
su Sunbeam
0%
sw Swink
0%
ta Tabernash
0%
th Thatcher
0%
ti Timnath
0%
ti Timpas
0%
ti Tincup
0%
to Towaoc
0%
tw Twin Lakes
0%
tw Two Buttes
0%
ty Tyrone
0%
ur Uravan
0%
va Valdez
0%
vi Villa Grove
0%
vi Vineland
0%
vi Virginia Dale
0%
vo Vona
0%
wa Walsh
0%
we Weldona
0%
we Wellsville
0%
we Westcliffe
0%
we Weston
0%
we Wetmore
0%
wh White River City
0%
wh Whitewater
0%
wi Wiggins
0%
wi Wild Horse
0%
wo Wolcott
0%
wo Wondervu
0%
wo Woodrow
0%
wo Woody Creek
0%
ya Yampa
0%
ye Yellow Jacket
0%
No matching quizzes found
Score Distribution
Percent of People with Each Score
Percentile by Number Answered
Your Score History
You have not taken this quiz since the last reset